Billboard #1 Hits of 1997 - Statistics

General Stats
  • This quiz has been taken 45 times
  • The average score is 6 of 9
Answer Stats
Hint Extra Hint Explanation Answer % Correct
Wannabe 22 Feb (4 wks.) Listen on YouTube Spice Girls
92%
Candle in the Wind 1997 /
Something About the Way You Look Tonight
11 Oct (14 wks.) Listen on YouTube (Candle in the Wind 1997)

Listen on YouTube (Something About the Way You Look Tonight)
Elton John
89%
MMMBop 24 May (3 wks.) Listen on YouTube Hanson
86%
Honey 13 Sep (3 wks.) Listen on YouTube Mariah Carey
68%
Hypnotize 3 May (3 wks.) Listen on YouTube The Notorious B.I.G.
68%
I'll Be Missing You 14 Jun (11 wks.) Listen on YouTube Puff Daddy and Faith Evans featuring 112
65%
4 Seasons of Loneliness 4 Oct (1 wk.) Listen on YouTube Boyz II Men
57%
Mo Money Mo Problems 30 Aug (2 wks.) Listen on YouTube The Notorious B.I.G. featuring Puff Daddy and Mase
57%
Can't Nobody Hold Me Down 22 Mar (6 wks.) Listen on YouTube Puff Daddy featuring Mase
35%
No matching quizzes found
Score Distribution
Percent of People with Each Score
Percentile by Number Answered
Your Score History
You have not taken this quiz